The unperfect society : (Record no. 40867)
[ view plain ]
| 000 -LEADER | |
|---|---|
| fixed length control field | 01072nam a2200313 a 4500 |
| 001 - CONTROL NUMBER | |
| control field | 40867 |
| 003 - CONTROL NUMBER IDENTIFIER | |
| rucl marc code | BD-RjUL |
| 005 - DATE AND TIME OF LATEST TRANSACTION | |
| control field | 20211209053305.0 |
| 008 - FIXED-LENGTH DATA ELEMENTS--GENERAL INFORMATION | |
| fixed length control field | 160511s1969 enk 000 0 eng d |
| 020 ## - INTERNATIONAL STANDARD BOOK NUMBER | |
| International Standard Book Number | 0416157602 |
| 035 ## - SYSTEM CONTROL NUMBER | |
| System control number | (BD-RjUL) 40982 |
| 040 ## - CATALOGING SOURCE | |
| Original cataloging agency | UKM |
| Transcribing agency | UKM |
| Modifying agency | OCL |
| -- | EQO |
| -- | (BD-RjUL) |
| Language of cataloging | eng |
| 041 1# - LANGUAGE CODE | |
| Language code of text/sound track or separate title | eng |
| 082 ## - DEWEY DECIMAL CLASSIFICATION NUMBER | |
| Classification number | 335.43 |
| Edition number | 18 |
| Author mark and year | DJU 1969 |
| 100 1# - MAIN ENTRY--PERSONAL NAME | |
| Personal name | Djilas, Milovan, |
| Dates associated with a name | 1911-1995 |
| 9 (RLIN) | 6433 |
| 245 14 - TITLE STATEMENT | |
| Title | The unperfect society : |
| Remainder of title | beyond the new class / |
| Statement of responsibility, etc. | Milovan Djilas ; translated [from the Serbian MS.] by Dorian Cooke |
| 260 ## - PUBLICATION, DISTRIBUTION, ETC. (IMPRINT) | |
| Place of publication, distribution, etc. | London : |
| Name of publisher, distributor, etc. | Methuen & Co Ltd, |
| Date of publication, distribution, etc. | 1969 |
| 300 ## - PHYSICAL DESCRIPTION | |
| Pagination | x, 192 p. ; |
| Size | 19 cm |
| 490 1# - SERIES STATEMENT | |
| Series statement | Unwin books |
| 500 ## - GENERAL NOTE | |
| General note | This translation originally published, New York: Harcourt, Brace and World, 1969; London: Methuen, 1969 |
| 600 10 - SUBJECT ADDED ENTRY--PERSONAL NAME | |
| Personal name | Marx, Karl, |
| Dates associated with a name | 1818-1883. |
| 650 #0 - SUBJECT ADDED ENTRY--TOPICAL TERM | |
| Topical term or geographic name as entry element | Communism |
| 9 (RLIN) | 6435 |
| Topical term or geographic name as entry element | Communism and society |
| 9 (RLIN) | 3178 |
| Topical term or geographic name as entry element | Civilization, Modern |
| Chronological subdivision | 1950- |
| 9 (RLIN) | 6436 |
| Topical term or geographic name as entry element | Communism |
| Geographic subdivision | Yugoslavia |
| 9 (RLIN) | 6437 |
| 700 1# - ADDED ENTRY--PERSONAL NAME | |
| Personal name | Cooke, Dorian. |
| 830 #0 - SERIES ADDED ENTRY--UNIFORM TITLE | |
| Uniform title | Unwin books |
| 942 ## - ADDED ENTRY ELEMENTS (KOHA) | |
| Source of classification or shelving scheme | Dewey Decimal Classification |
| Koha item type | Books |
| Lost status | Source of classification or shelving scheme | Damaged status | Not for loan | Collection code | Permanent Location | Current Location | Shelving location | Date acquired | Source of acquisition | Cost, normal purchase price | Total Checkouts | Full call number | Date last seen | Copy number | Koha item type |
|---|---|---|---|---|---|---|---|---|---|---|---|---|---|---|---|
| Dewey Decimal Classification | Non-fiction | Central Library, University of Rajshahi | Central Library, University of Rajshahi | 09/08/1972 | Book Central | 38.50 | 335.43 DJU 1969 | 11/05/2016 | C-2 | Books |